| 000 | 00636cam a22001457a 4500 | ||
|---|---|---|---|
| 008 | 180718b1969 xxu||||| |||| 00| 0 eng d | ||
| 082 | _aZ00x54 In2a | ||
| 100 | _aBarnabas, A.P. | ||
| 245 |
_aAdministering agricultural development, (coordination, initiative, and communication in three North Indian states) _cby A.P. Barnabas and Donald C. Pelz |
||
| 260 |
_aNew Delhi _bIndian Institute of Public Administration _c1969 |
||
| 300 | _a145p. | ||
| 500 | _aIn collaboration with Departments of Public Administration of Lucknow, Punjab, and Rajasthan University | ||
| 650 | _aAgricultural administration --India | ||
| 700 | _aDonald C. Pelz | ||
| 999 |
_c475639 _d475639 |
||